| 000 | 00448nam a2200181Ia 4500 | ||
|---|---|---|---|
| 003 | IN-BaIIA | ||
| 008 | 211028s9999 xx 000 0 eng d | ||
| 020 | _a978-0-12-369470-6 | ||
| 040 | _cIIA Library | ||
| 080 |
_a535 _bBOY |
||
| 100 |
_aBoyd, Robert W _936143 |
||
| 245 | 0 |
_aNonlinear optics _cRobert W Boyd |
|
| 250 | _a3rd ed. | ||
| 260 |
_bAcademic Press _c2008 |
||
| 300 | _axix, 613p. | ||
| 650 |
_aNonlinear optics _95388 |
||
| 942 | _cBK | ||
| 999 |
_c18919 _d18919 |
||